000 00573nam a2200241Ia 4500
005 20251020182547.0
008 200515s9999 xx 000 0 und d
020 _a978-3-8365-6047-4
082 _a747:749.7/B84/2014
110 _aBrooks Pfeiffer, Bruce
245 0 _aFrank LLoyd Wright
260 _aArizona
260 _bTaschen
260 _c2014
300 _a96 p.
300 _bil.
520 _aObra del arquitrecto Frank Lloyd Wright
650 _aARQUITECTOS
650 _aCASA DE LA CASCADA
650 _aWRIGHT
942 _cLIB
999 _c2601
_d2601